| 000 | 00969cam a22001934a 4500 | ||
|---|---|---|---|
| 005 | 20250605164207.0 | ||
| 008 | 250528s ||||||||||||||||||||||||d | ||
| 035 | _a20094 | ||
| 020 | _a390257893 | ||
| 040 |
_aGR-AtMCL _bgre _dGR-AtMCL _eAACR2 |
||
| 245 | 1 | _aPhysiological Psychology / Study Guide and Workshop | |
| 260 |
_bAppleton Century Crofts, _c1973 |
||
| 300 | _a176 | ||
| 520 | _aPreface, Methodology of Physiological Psychology, Neuroanatomy I, Neuroanatomy II, Genetics and Behavior, Plasticity and Behavior, Sensory Processes I, Sensory Processes II, Sleep, Attention, Emotion, Electrical Stimulation of the Brain, Hunger and Thirst I, Hunger and Thirst II, Reproductive Behavior, Learning, Memory, Functional Disorders of Human Behavior, Spinal Motor Mechanisms, The Cortex and Behavior, Psychopharmacology, Clinical Neurology, Reference Matrix, Bibliography, Index. | ||
| 700 | 1 |
_aDeagle John _96137 |
|
| 942 | _cBK | ||
| 999 |
_c5233 _d5233 |
||